000 00304nam a22001337a 4500
008 170216b xxu||||| |||| 00| 0 eng d
020 _a0395307678
041 _aeng
080 _a615
100 _a5
101 _aSHF
245 _aNONREATCTIVE MEASURES IN THE SOCIAL SCIENCES
_cWEBB.J
942 _2udc
_cBK
999 _c5701
_d5701